Coś z piasku - Statystyki

Ogólne statystyki
  • Ten quiz został rozwiązany 7 razy
  • Średni wynik to 3 z 10
Statystyki odpowiedzi
Odpowiedź % Poprawnych
zamek
83%
szkło
67%
piaskownica
33%
plaża
33%
burza
17%
kopce
17%
pustynia
17%
wydma
17%
klepsydra
0%
rzeźba
0%
Nie znaleziono quizów pasujących do podanych kryteriów
Rozkład punktacji
Procent ludzi z każdym wynikiem
Percentyl według liczby udzielonych odpowiedzi
Twoja historia wyników
Nie rozwiązałeś tego quizu